| 000 | 00571nam a22001697a 4500 | ||
|---|---|---|---|
| 005 | 20231120141756.0 | ||
| 008 | 231120b |||||||| |||| 00| 0 eng d | ||
| 020 | _a0702112968 | ||
| 041 | _aEnglish | ||
| 082 | _a343.4 SIL | ||
| 100 |
_aDivaris, C and Stein, ML _lEnglish |
||
| 245 |
_a1981-82 Cumulative Supplement to Silke on South African Income Tax / _cC Divaris and ML Stein |
||
| 260 |
_aCape Town : _bJuta and Company Ltd, _c1982 |
||
| 300 |
_bxvii, 744 pages ; _c25,5 cm. |
||
| 650 |
_aLegal practice _bLaw |
||
| 942 |
_cBK _6ALISON_BN_VRIES |
||
| 999 |
_c807 _d807 |
||